Social psychology : (Record no. 5429)
[ view plain ]
| 000 -LEADER | |
|---|---|
| fixed length control field | 00930nam a2200301 a 4500 |
| 001 - CONTROL NUMBER | |
| JCCL Control Number | 5429 |
| 003 - CONTROL NUMBER IDENTIFIER | |
| JCCL marc code | BD-JhCC |
| 005 - DATE AND TIME OF LATEST TRANSACTION | |
| control field | 20171214112254.0 |
| 008 - FIXED-LENGTH DATA ELEMENTS--GENERAL INFORMATION | |
| fixed length control field | 830831s1984 ilua b 001 0 eng d |
| 020 ## - INTERNATIONAL STANDARD BOOK NUMBER | |
| International Standard Book Number | 0673156389 : |
| Terms of availability | $23.95 |
| 035 ## - SYSTEM CONTROL NUMBER | |
| system control number | (BD-JhCC)5429 |
| 040 ## - CATALOGING SOURCE | |
| Original cataloging agency | DLC |
| Transcribing agency | DLC |
| Modifying agency | BD-JhCC |
| 041 ## - LANGUAGE CODE | |
| Language code of Book | eng |
| 050 00 - LIBRARY OF CONGRESS CALL NUMBER | |
| Classification number | HM251 |
| Item number | .W3278 1984 |
| 082 00 - DEWEY DECIMAL CLASSIFICATION NUMBER | |
| Classification number | 302 |
| DDC Edition number | 19 |
| Author mark and Year | WAT 1984 |
| 100 1# - MAIN ENTRY--PERSONAL NAME | |
| Personal name | Watson, David L., |
| Dates associated with a name | 1934- |
| 245 10 - TITLE STATEMENT | |
| Title | Social psychology : |
| Remainder of title | science and application / |
| Statement of responsibility, etc | David L. Watson, Gail deBortali-Tregerthan, Joyce Frank. |
| 260 ## - PUBLICATION, DISTRIBUTION, ETC. (IMPRINT) | |
| Place of publication, distribution, etc | Glenview, Ill. : |
| Name of publisher, distributor, etc | Scott, Foresman, |
| Date of publication, distribution, etc | c1984. |
| 300 ## - PHYSICAL DESCRIPTION | |
| Pagination | 584 p. : |
| Other physical details | ill. ; |
| Dimensions | 24 cm. |
| 500 ## - GENERAL NOTE | |
| General note | Includes bibliographies and indexes. |
| 504 ## - BIBLIOGRAPHY, ETC. NOTE | |
| Bibliography, etc | Includes Index and Bibliography |
| 650 #0 - SUBJECT ADDED ENTRY--TOPICAL TERM | |
| Topical term or geographic name as entry element | Social psychology. |
| 650 #0 - SUBJECT ADDED ENTRY--TOPICAL TERM | |
| Topical term or geographic name as entry element | Social psychology |
| General subdivision | Case studies. |
| 700 2# - ADDED ENTRY--PERSONAL NAME | |
| Personal name | DeBortali-Tregerthan, Gail. |
| 700 1# - ADDED ENTRY--PERSONAL NAME | |
| Personal name | Frank, Joyce. |
| 942 ## - ADDED ENTRY ELEMENTS (KOHA) | |
| Source of classification or shelving scheme | Dewey Decimal Classification |
| Koha item type | Books |
| Source of classification or shelving scheme | Damaged status | Not for loan | Home library | Current library | Shelving location | Date of accession | Total Checkouts | Full call number | Barcode | Date last seen | Copy number | Koha item type |
|---|---|---|---|---|---|---|---|---|---|---|---|---|
| Dewey Decimal Classification | JCC Rouf Library | JCC Rouf Library | General Stacks | 12/14/2017 | 302 WAT 1984 | 6111 | 12/14/2017 | C-1 | Books |